París, ciudad de acogida (Record no. 179093)

MARC details
000 -LEADER
campo de control de longitud fija 01308nam a2200313 4500
001 - NÚMERO DE CONTROL
campo de control 179093
003 - IDENTIFICADOR DE NÚMERO DE CONTROL
campo de control ES-MaACL
005 - FECHA Y HORA DE LA ÚLTIMA TRANSACCIÓN
campo de control 20250825113057.0
008 - DATOS DE LONGITUD FIJA--INFORMACIÓN GENERAL
campo de control de longitud fija 110907s2010 sp |||| |dspa d
020 ## - NÚMERO INTERNACIONAL ESTÁNDAR DEL LIBRO
Número Internacional Estándar del Libro 978-84-92827-40-4 (Sociedad Estatal de Conmemoraciones Culturales)
020 ## - NÚMERO INTERNACIONAL ESTÁNDAR DEL LIBRO
Número Internacional Estándar del Libro 978-84-92820-12-2 (Marcial Pons Historia)
080 ## - NÚMERO DE LA CLASIFICACIÓN DECIMAL UNIVERSAL
Número de la Clasificación Decimal Universal 308-054.7(=1.460:443.61 P.)"18/19"
245 00 - MENCIÓN DEL TÍTULO
Título París, ciudad de acogida
Resto del título : el exilio español durante los siglos XIX y XX /
Mención de responsabilidad, etc. Fernando Martínez López, Jordi Canal, Encarnación Lemus (eds.).
260 ## - PUBLICACIÓN, DISTRIBUCIÓN, ETC.
Lugar de publicación, distribución, etc. Madrid :
Nombre del editor, distribuidor, etc. Sociedad Estatal de Conmemoraciones Culturales :
-- Marcial Pons Historia,
Fecha de publicación, distribución, etc. 2010.
300 ## - DESCRIPCIÓN FÍSICA
Extensión 413 p. ;
Dimensiones 22 cm.
490 1# - MENCIÓN DE SERIE
Mención de serie Estudios
500 ## - NOTA GENERAL
Nota general Índice onomástico.
650 07 - PUNTO DE ACCESO ADICIONAL DE MATERIA--TÉRMINO DE MATERIA
Término de materia o nombre geográfico como elemento de entrada Exiliados españoles-
Subdivisión geográfica Francia.
9 (RLIN) 12670
650 #7 - PUNTO DE ACCESO ADICIONAL DE MATERIA--TÉRMINO DE MATERIA
Término de materia o nombre geográfico como elemento de entrada Exiliados españoles-
Subdivisión geográfica París
Fuente del encabezamiento o término
9 (RLIN) 147856
700 1# - ENTRADA AGREGADA--NOMBRE PERSONAL
Nombre de persona Martínez López, Fernando,
Fechas asociadas al nombre 1949-
9 (RLIN) 143395
700 1# - ENTRADA AGREGADA--NOMBRE PERSONAL
Nombre de persona Canal i Morell, Jordi.
9 (RLIN) 147857
700 1# - ENTRADA AGREGADA--NOMBRE PERSONAL
Nombre de persona Lemus López, Encarnación.
9 (RLIN) 71505
710 2# - ENTRADA AGREGADA--NOMBRE DE ENTIDAD CORPORATIVA
Nombre de entidad corporativa o nombre de jurisdicción como elemento de entrada Sociedad Estatal de Conmemoraciones Culturales (España)
9 (RLIN) 134893
830 0# - PUNTO DE ACCESO ADICIONAL DE SERIE-TÍTULO UNIFORME
Título uniforme Estudios
9 (RLIN) 177349
852 ## - LOCALIZACIÓN
Ubicación ES-MaACL
itemnumber 185963
Sublocalización o colección R.145936
Número de control de estantería A-11480
Signatura antigua Olim: N-4484
Ubicación en estantería Depósito 1
942 ## - ELEMENTOS DE ENTRADA SECUNDARIOS (KOHA)
Fuente del sistema de clasificación o colocación Clasificación decimal universal
Tipo de ítem Koha Libro impreso
Holdings
Estatus retirado Estado de pérdida Fuente del sistema de clasificación o colocación Estado de daño No para préstamo Biblioteca de origen Biblioteca actual Ubicación en estantería Fecha de adquisición Fuente de adquisición Total de préstamos Signatura topográfica completa Código de barras Visto por última vez Precio de reemplazo Tipo de ítem Koha
    Clasificación decimal universal     Biblioteca del Ateneo de Madrid Biblioteca del Ateneo de Madrid Depósito 1 07/09/2011 Compra   A-11480 1188127 23/02/2023 23/02/2023 Libro impreso